000 00562nam a2200205Ia 4500
008 131103s9999 xx 000 0 und d
040 _aLoreto College
041 _aEnglish
082 _a005.43/MAC
_bLCLIB/46048
100 _aMcKinnon, Linda
245 _aInstalling and administering Linux
_cLinda McKinnon and Al McKinnon
250 _a2nd ed
260 _aNew Delhi
_bWiley
_c2002c
300 _axv,522p
_b ill
_c 25cm
504 _aInclude index
650 _aLinux
651 _aComputer Operating Systems
700 _aMcKinnon, Al
942 _cBK
999 _c18157
_d68636